1345 1466 1271 1283 1551 1706 1922 1079 1304 1009 1251 1632 1068 1939 1295 1429 1610 1769 1242 1311 1446 1551 1511 1677 1586 1043 1187 1018 1788 1980 1425 1724 1304 1916 1544 1340 1244 1359 1521 1571 1721 1945 1289 1164 1920 1159 1553 1380 1375 1403 1522 1910 1635 1522 1304 1263 1706 1934 1170 1071 1242 1435 1112 1651 1109 1406 1798 1399 1584 1588 1012 1913 1059 1713 1945 1320 1014 1982 1570 1614 1687 1311 1336 1917 1630 1809 1357 1361 1569 1647 1859 1700 1722 2000 1314 1971 1635 1485 1993 BCNSPRNW ULIB Ver.6.0+V

เปลี่ยนเป็นภาษาไทย

Change to English
 แสดงรายละเอียดบรรณานุกรม
  กลับหน้าหลัก

Brief Record : Get Marc (ISO 2709) : E-mail record : QR code < ปิดหน้าต่าง
LEADER : 00000nam 2200000uu 4500
001    13399112287
003     ULIB
008    110802s2546||||th 000 0 tha d
020    9789748316314
020    9748316319
050  4 HD58.82^bว547ก 2546
100 0  วิจารณ์ พานิช
245 10 การจัดการเครือข่ายวิชาการ /^cวิจารณ์ พานิช
250    พิมพ์ครั้งที่ 1
260    กรุงเทพฯ :^bกองแผนงาน กรมอนามัย กระทรวงสาธารณสุข,^c2546
300    86 หน้า
650  4 การจัดการเครือข่ายวิชาการ
650  7 ความรู้^xการจัดการ
945    ^p30^l0^i015725
945    ^p30^l0^i015727
945    ^p30^l0^i015726
995    ทศพร
999 ^a ทศพร
รายการนี้ยังไม่มีแท็ก
คุณยังไม่ได้ล็อกอิน คุณสามารถมีกิจกรรมร่วมกับเว็บไซต์ได้ แต่ต้องล็อกอินก่อน ::
  ล็อกอิน

รายการสื่อสารสนเทศ

ลำดับที่ ประเภท เลขเรียก/บาร์โค้ด สถานที่ สถานะ
- ไม่พบข้อมูล -

รายการใกล้เคียง
    ผู้แต่ง [วิจารณ์ พานิช]

BibComment


ยังไม่เคยถูกคอมเมนท์

คอมเมนท์ทรัพยากรรายการนี้
  คอมเมนท์: การจัดการเครือข่า..


 Copyright 2026. Bcnsprnw @Library